<?xml version="1.0" encoding="UTF-8"?>
<record
    xmlns:xsi="http://www.w3.org/2001/XMLSchema-instance"
    xsi:schemaLocation="http://www.loc.gov/MARC21/slim http://www.loc.gov/standards/marcxml/schema/MARC21slim.xsd"
    xmlns="http://www.loc.gov/MARC21/slim">

  <leader>00606nam a22002057a 4500</leader>
  <controlfield tag="005">20231125103253.0</controlfield>
  <controlfield tag="008">231125b           ||||| |||| 00| 0 eng d</controlfield>
  <datafield tag="040" ind1=" " ind2=" ">
    <subfield code="c">AL</subfield>
  </datafield>
  <datafield tag="041" ind1=" " ind2=" ">
    <subfield code="a">English</subfield>
  </datafield>
  <datafield tag="082" ind1=" " ind2=" ">
    <subfield code="2">23</subfield>
    <subfield code="a">362.83</subfield>
    <subfield code="b">NAYG</subfield>
  </datafield>
  <datafield tag="100" ind1=" " ind2=" ">
    <subfield code="a">Kishori Nayak K</subfield>
    <subfield code="9">143433</subfield>
  </datafield>
  <datafield tag="245" ind1=" " ind2=" ">
    <subfield code="a">Gender Equity</subfield>
  </datafield>
  <datafield tag="260" ind1=" " ind2=" ">
    <subfield code="a">Mangalagangotri</subfield>
    <subfield code="b">Prasaranga Mangalore University</subfield>
    <subfield code="c">2007</subfield>
  </datafield>
  <datafield tag="300" ind1=" " ind2=" ">
    <subfield code="a">iv,106 p.</subfield>
    <subfield code="b">PB</subfield>
    <subfield code="c">21x13.5 cm.</subfield>
  </datafield>
  <datafield tag="365" ind1=" " ind2=" ">
    <subfield code="a">063-065</subfield>
    <subfield code="b">&#x20B9;10.00</subfield>
    <subfield code="c">&#x20B9;</subfield>
    <subfield code="d">&#x20B9;20.00</subfield>
    <subfield code="e">50%</subfield>
    <subfield code="f">23-11-2023</subfield>
  </datafield>
  <datafield tag="650" ind1=" " ind2=" ">
    <subfield code="a">Human Rights</subfield>
    <subfield code="9">143434</subfield>
  </datafield>
  <datafield tag="650" ind1=" " ind2=" ">
    <subfield code="a">Women Studies</subfield>
    <subfield code="9">143435</subfield>
  </datafield>
  <datafield tag="700" ind1=" " ind2=" ">
    <subfield code="a">NAYAK (Kishori K)</subfield>
    <subfield code="9">143436</subfield>
  </datafield>
  <datafield tag="942" ind1=" " ind2=" ">
    <subfield code="2">ddc</subfield>
    <subfield code="c">BK</subfield>
  </datafield>
  <datafield tag="999" ind1=" " ind2=" ">
    <subfield code="c">229308</subfield>
    <subfield code="d">229308</subfield>
  </datafield>
  <datafield tag="952" ind1=" " ind2=" ">
    <subfield code="0">0</subfield>
    <subfield code="1">0</subfield>
    <subfield code="2">ddc</subfield>
    <subfield code="4">0</subfield>
    <subfield code="7">0</subfield>
    <subfield code="8">KAN</subfield>
    <subfield code="a">AL</subfield>
    <subfield code="b">AL</subfield>
    <subfield code="d">2023-11-24</subfield>
    <subfield code="e">Prasaranga Mangalore University</subfield>
    <subfield code="g">10.00</subfield>
    <subfield code="l">1</subfield>
    <subfield code="o">362.83 NAYG</subfield>
    <subfield code="p">076915</subfield>
    <subfield code="r">2024-07-09 00:00:00</subfield>
    <subfield code="s">2024-07-06</subfield>
    <subfield code="v">20.00</subfield>
    <subfield code="w">2023-11-25</subfield>
    <subfield code="y">BK</subfield>
  </datafield>
</record>
